[Event "8th ITLukavac 2019"]
[Site "Lukavac, hotel Lukavac"]
[Date "2019.11.23"]
[Round "3"]
[Board "32"]
[White "Muratovic, Adnan"]
[Black "Babajic, Ehlimana"]
[Result "0-1"]
[WhiteElo "1613"]
[BlackElo "1247"]
[PlyCount "66"]
[EventDate "2019.11.22"]
[EventRounds "7"]
[EventCountry "BIH"]

1. Nf3 Nc6 2. d4 d5 3. c4 Nf6 4. Nc3 Bf5 5. Qb3 Na5 6. Qa4+ c6 7. cxd5 Nxd5 8.
Bd2 Nxc3 9. Bxc3 b6 10. Bxa5 bxa5 11. Qxc6+ Bd7 12. Qe4 Rc8 13. e3 Bc6 14. Qf4
e6 15. a3 Bd6 16. Qg4 Bxf3 17. Qxg7 Rf8 18. gxf3 Qh4 19. Bb5+ Ke7 20. Qg4 Qh6
21. b3 Rb8 22. Bc4 Rfc8 23. f4 a4 24. Qd1 axb3 25. Bxb3 Rc3 26. Bc2 Bxa3 27.
Qd2 Bb4 28. Rxa7+ Kd8 29. Ke2 Ra3 30. Rb1 Qh5+ 31. Kf1 Rxa7 32. Rxb4 Rxb4 33.
Qxb4 Ra1+  0-1

[Event "8th ITLukavac 2019"]
[Site "Lukavac, hotel Lukavac"]
[Date "2019.11.23"]
[Round "3"]
[Board "33"]
[White "Siljegovic, Nadina"]
[Black "Mahmutovic, Edin"]
[Result "0-1"]
[WhiteElo "1247"]
[BlackElo "1611"]
[PlyCount "88"]
[EventDate "2019.11.22"]
[EventRounds "7"]
[EventCountry "BIH"]

1. e4 e5 2. Nf3 d6 3. Nc3 f5 4. Bd3 fxe4 5. Bxe4 Nf6 6. Bd3 Nc6 7. O-O Bg4 8.
Be2 g6 9. h3 Bd7 10. Re1 Qe7 11. Bc4 O-O-O 12. d4 e4 13. Bg5 Qg7 14. Bxf6 Qxf6
15. Nxe4 Qg7 16. Neg5 Na5 17. Be6 h6 18. Nf7 Bxe6 19. Nxd8 Kxd8 20. Rxe6 Qf7
21. Qe2 Bg7 22. Re1 Nc6 23. c3 g5 24. Re3 a6 25. d5 Ne5 26. c4 Qf5 27. Nd4 Qg6
28. Ne6+ Kd7 29. Nxg7 Qxg7 30. Kh2 h5 31. g3 g4 32. Kg1 Rf8 33. Kg2 Qf6 34. Rb3
b6 35. Rf1 Qf5 36. hxg4 hxg4 37. c5 dxc5 38. Qxa6 Qe4+ 39. Kg1 Rh8 40. f3 gxf3
41. Kf2 Qc2+ 42. Ke1 Qc1+ 43. Kf2 Qd2+ 44. Kg1 Qg2#  0-1

[Event "8th ITLukavac 2019"]
[Site "Lukavac, hotel Lukavac"]
[Date "2019.11.23"]
[Round "3"]
[Board "34"]
[White "Mrkovic, Nikola"]
[Black "Unuvar, Kaan"]
[Result "0-1"]
[WhiteElo "1555"]
[BlackElo "1144"]
[PlyCount "52"]
[EventDate "2019.11.22"]
[EventRounds "7"]
[EventCountry "BIH"]

1. e4 c6 2. d4 d5 3. exd5 cxd5 4. Bd3 Nc6 5. c3 Nf6 6. Bf4 Bg4 7. Qb3 Qd7 8. h3
Bh5 9. Nd2 e6 10. Ngf3 Be7 11. Bb5 a6 12. Ne5 Qc8 13. Bxc6+ bxc6 14. Qa4 Bd6
15. Nxf7 Bxf4 16. Nxh8 Bxd2+ 17. Kxd2 Kf8 18. g4 Be8 19. Qa3+ Kg8 20. f3 Kxh8
21. g5 Nd7 22. Qe7 Bh5 23. Qxe6 Bxf3 24. Rhf1 Be4 25. Rf7 Nb6 26. Qe5 Nc4+  0-1

[Event "8th ITLukavac 2019"]
[Site "Lukavac, hotel Lukavac"]
[Date "2019.11.23"]
[Round "3"]
[Board "35"]
[White "Smajic, Ervin"]
[Black "Djuric, Anastasija"]
[Result "1-0"]
[WhiteElo "1553"]
[BlackElo "1078"]
[PlyCount "149"]
[EventDate "2019.11.22"]
[EventRounds "7"]
[EventCountry "BIH"]

1. Nf3 Nf6 2. b3 g6 3. Bb2 Bg7 4. d4 d5 5. g3 b6 6. Bg2 Bb7 7. O-O O-O 8. Nbd2
Nbd7 9. c4 e6 10. Re1 Re8 11. Qc2 c6 12. e4 dxe4 13. Nxe4 Nxe4 14. Rxe4 Qf6 15.
Bc1 Qe7 16. Rb1 Nf6 17. Re1 Qd7 18. Ne5 Qc7 19. Bf4 Qe7 20. Nxc6 Qd7 21. Ne5
Qe7 22. Bxb7 Qxb7 23. Qe2 Nd7 24. Nf3 Nf6 25. Rbc1 Rac8 26. Nd2 Nh5 27. Be3 Nf6
28. c5 Nd5 29. Nc4 Bf8 30. cxb6 Nxb6 31. Nxb6 axb6 32. Qb5 Ba3 33. Rcd1 Qc6 34.
Qe5 Qd5 35. Qxd5 exd5 36. Bh6 Bb4 37. Rxe8+ Rxe8 38. Rc1 Re1+ 39. Rxe1 Bxe1 40.
Kf1 Bc3 41. Be3 Kf8 42. Ke2 Ke7 43. Kd3 Bb4 44. Bd2 Bd6 45. a4 Bc7 46. b4 Kd7
47. Kc3 Kc6 48. b5+ Kd6 49. Bf4+ Kd7 50. Bxc7 Kxc7 51. Kb4 f5 52. Kc3 g5 53.
Kd3 h5 54. h4 gxh4 55. gxh4 Kd6 56. Ke3 Ke6 57. Kf4 Kf6 58. f3 Ke6 59. Kg5 Kf7
60. Kxf5 Ke7 61. Ke5 Kf7 62. Kxd5 Kf6 63. Ke4 Ke6 64. d5+ Kd6 65. Kd4 Kd7 66.
Ke5 Ke7 67. f4 Kd7 68. f5 Ke7 69. d6+ Kd7 70. f6 Ke8 71. Ke6 Kf8 72. d7 Kg8 73.
d8=Q+ Kh7 74. Kf7 Kh6 75. Qh8#  1-0

[Event "8th ITLukavac 2019"]
[Site "Lukavac, hotel Lukavac"]
[Date "2019.11.24"]
[Round "4"]
[Board "1"]
[White "Buljubasic, Sabahudin"]
[Black "Savic, Petar A"]
[Result "1-0"]
[WhiteElo "2342"]
[BlackElo "2099"]
[PlyCount "63"]
[EventDate "2019.11.22"]
[EventRounds "7"]
[EventCountry "BIH"]

1. e4 e6 2. d4 d5 3. Nc3 Bb4 4. e5 f5 5. a3 Bf8 6. Be3 Nd7 7. g4 Nb6 8. gxf5
exf5 9. Nh3 g6 10. Qd2 Be6 11. Nf4 Bc8 12. h4 Be7 13. O-O-O c6 14. Bd3 Bxh4 15.
Rdg1 Kf7 16. Qd1 Be6 17. Nce2 g5 18. Rxh4 gxf4 19. Rxf4 Ne7 20. Ng3 Ke8 21.
Nxf5 Kd7 22. Rg7 Re8 23. Nd6 Rg8 24. Nxb7 Rxg7 25. Nc5+ Kc8 26. Ba6+ Kb8 27.
Nxe6 Qg8 28. Rf8+ Qxf8 29. Nxf8 Nc4 30. Kb1 Rg8 31. Ne6 Rg6 32. Qf3  1-0

[Event "8th ITLukavac 2019"]
[Site "Lukavac, hotel Lukavac"]
[Date "2019.11.24"]
[Round "4"]
[Board "2"]
[White "Bandic, Adnan"]
[Black "Onur, Cigdem"]
[Result "1/2-1/2"]
[WhiteElo "2218"]
[BlackElo "1940"]
[PlyCount "69"]
[EventDate "2019.11.22"]
[EventRounds "7"]
[EventCountry "BIH"]

1. f4 d5 2. d4 Nf6 3. Nf3 c5 4. e3 Nc6 5. c3 Bg4 6. Bd3 e6 7. h3 Bxf3 8. Qxf3
Qc7 9. O-O Be7 10. b3 a6 11. Bb2 b5 12. Nd2 Rb8 13. Rac1 Qb6 14. g4 b4 15. g5
Nd7 16. f5 bxc3 17. fxe6 cxb2 18. exd7+ Kd8 19. Rce1 cxd4 20. Qxd5 dxe3 21. Nc4
Qc5 22. Nxe3 Nb4 23. Qe4 Nxd3 24. Qxd3 Bxg5 25. Re2 Rb7 26. Kh1 Bxe3 27. Rxe3
Rxd7 28. Qe2 Qd5+ 29. Kg1 Qd2 30. Qf3 Rd5 31. Qf4 f6 32. Qb8+ Kd7 33. Qb7+ Kd8
34. Qb8+ Kd7 35. Qb7+  1/2-1/2

[Event "8th ITLukavac 2019"]
[Site "Lukavac, hotel Lukavac"]
[Date "2019.11.24"]
[Round "4"]
[Board "3"]
[White "Sestic, Nermin"]
[Black "Muratovic, Efim"]
[Result "1/2-1/2"]
[WhiteElo "2105"]
[BlackElo "2398"]
[PlyCount "103"]
[EventDate "2019.11.22"]
[EventRounds "7"]
[EventCountry "BIH"]

1. d4 Nf6 2. Nf3 g6 3. c4 Bg7 4. e3 O-O 5. Be2 c5 6. O-O cxd4 7. Nxd4 Nc6 8. b3
Nxd4 9. exd4 d5 10. Bb2 dxc4 11. bxc4 Ne4 12. Na3 Qa5 13. Qc2 Nd6 14. c5 Nf5
15. Nc4 Qd8 16. Rad1 Be6 17. Bf3 Bd5 18. Be4 Rc8 19. Ne3 Nxe3 20. fxe3 e6 21.
Ba3 Rc6 22. Rb1 Ra6 23. Bxd5 Qxd5 24. Qb3 Re8 25. Bc1 Re7 26. a3 Qxb3 27. Rxb3
b6 28. Bd2 Rc7 29. Rfb1 Bf8 30. cxb6 axb6 31. Rxb6 Rxb6 32. Rxb6 Bxa3 33. Kf2
Rc2 34. Ke1 Bc1 35. Bxc1 Rxc1+ 36. Kf2 Kg7 37. h3 h5 38. Rb7 g5 39. Rd7 Kg6 40.
e4 Rc2+ 41. Kf3 f5 42. exf5+ exf5 43. Rd6+ Kf7 44. Rh6 h4 45. Rd6 Rc3+ 46. Kf2
Rd3 47. Ke2 Ke7 48. Rg6 Rg3 49. Kf2 g4 50. hxg4 Rxg4 51. Rxg4 fxg4 52. Ke3
 1/2-1/2

[Event "8th ITLukavac 2019"]
[Site "Lukavac, hotel Lukavac"]
[Date "2019.11.24"]
[Round "4"]
[Board "4"]
[White "Zenelaj, Samuel"]
[Black "Stavnjak, Lazar"]
[Result "1/2-1/2"]
[WhiteElo "2132"]
[BlackElo "2207"]
[PlyCount "55"]
[EventDate "2019.11.22"]
[EventRounds "7"]
[EventCountry "BIH"]

1. e4 e6 2. d4 d5 3. exd5 exd5 4. Nf3 Nf6 5. Bd3 Bd6 6. O-O O-O 7. Bg5 Bg4 8.
Nbd2 Nbd7 9. Re1 c6 10. c3 Qc7 11. h3 Bh5 12. Qc2 Rfe8 13. Bf5 Bg6 14. c4 Bb4
15. c5 Ne4 16. Bxg6 hxg6 17. Nxe4 Bxe1 18. Nd6 Ba5 19. a3 Qb8 20. Nxe8 Qxe8 21.
b4 Bd8 22. Re1 Qf8 23. Bf4 Bf6 24. Qe2 Qd8 25. a4 Nf8 26. Qd3 Qd7 27. Bd6 Ne6
28. a5  1/2-1/2

[Event "8th ITLukavac 2019"]
[Site "Lukavac, hotel Lukavac"]
[Date "2019.11.24"]
[Round "4"]
[Board "5"]
[White "Djuric, Zoran"]
[Black "Mitrovic, Jovica"]
[Result "1-0"]
[WhiteElo "2192"]
[BlackElo "2076"]
[PlyCount "73"]
[EventDate "2019.11.22"]
[EventRounds "7"]
[EventCountry "BIH"]

1. e4 e5 2. Nf3 Nc6 3. Bc4 Be7 4. d4 d6 5. d5 Nb8 6. Be3 f5 7. exf5 Bxf5 8. Bd3
Qd7 9. Nc3 a6 10. h3 Nf6 11. Ng5 O-O 12. g4 Bxd3 13. Qxd3 c5 14. a4 Qc8 15. a5
Nbd7 16. Qf5 Nb8 17. Qd3 g6 18. Ne6 Re8 19. f3 Nbd7 20. h4 Nf8 21. Nxf8 Bxf8
22. O-O-O e4 23. fxe4 Nxg4 24. h5 Bg7 25. hxg6 hxg6 26. Rdg1 Ne5 27. Qe2 Rf8
28. Qh2 Rf3 29. Bf4 Kf7 30. Bxe5 dxe5 31. Qg2 Rf6 32. Rf1 Qd8 33. Rxf6+ Bxf6
34. Qh3 Bg5+ 35. Kb1 Qf6 36. Qd7+ Kf8 37. Na4  1-0

[Event "8th ITLukavac 2019"]
[Site "Lukavac, hotel Lukavac"]
[Date "2019.11.24"]
[Round "4"]
[Board "7"]
[White "Mujacic, Haris"]
[Black "Kuzmanovic, Slobodan"]
[Result "1-0"]
[WhiteElo "2025"]
[BlackElo "2144"]
[PlyCount "77"]
[EventDate "2019.11.22"]
[EventRounds "7"]
[EventCountry "BIH"]

1. d4 c5 2. d5 d6 3. e4 Nf6 4. Nc3 g6 5. Be2 Bg7 6. Nf3 O-O 7. O-O Na6 8. Nd2
e5 9. Nc4 Nc7 10. a4 Re8 11. Be3 Rb8 12. f3 h6 13. Qd2 g5 14. h4 Nh7 15. g4 f6
16. Kg2 Nf8 17. h5 b6 18. b4 cxb4 19. Nb5 Nxb5 20. axb5 Re7 21. Qxb4 Rd7 22.
Ra2 Nh7 23. Rfa1 Rbb7 24. Nb2 Nf8 25. Nd3 Rdc7 26. Qb3 Nd7 27. Nb4 Nc5 28. Bxc5
bxc5 29. Nc6 Qd7 30. Ra5 Bf8 31. R1a3 Be7 32. Qa2 Kf8 33. Nxa7 Rb6 34. Nc6 Kg7
35. Ra7 Rxa7 36. Rxa7 Bb7 37. Qa5 Bd8 38. Nxd8 Qxd8 39. Rxb7+  1-0

[Event "8th ITLukavac 2019"]
[Site "Lukavac, hotel Lukavac"]
[Date "2019.11.24"]
[Round "4"]
[Board "8"]
[White "Sakic, Dino"]
[Black "Obad, Andrija"]
[Result "0-1"]
[WhiteElo "1801"]
[BlackElo "2321"]
[PlyCount "92"]
[EventDate "2019.11.22"]
[EventRounds "7"]
[EventCountry "BIH"]

1. e4 c5 2. Nf3 d6 3. d4 cxd4 4. Nxd4 Nf6 5. Nc3 a6 6. Be3 e5 7. Nb3 Be6 8. f3
Nbd7 9. g4 Be7 10. Qd2 b5 11. O-O-O O-O 12. Qf2 b4 13. Nd5 Bxd5 14. exd5 Qc7
15. Kb1 Rfb8 16. g5 Nh5 17. Nd2 a5 18. Ne4 a4 19. Bd3 Ra5 20. Ng3 Nf4 21. Nf5
Nf8 22. Be4 a3 23. b3 Bxg5 24. c4 bxc3 25. Bc2 Bf6 26. h4 Rxd5 27. Bxf4 Rxd1+
28. Rxd1 exf4 29. Rxd6 Ne6 30. Ra6 Rd8 31. Qe1 h5 32. Qe4 Kf8 33. b4 Qe5 34.
Rxa3 Qxe4 35. Bxe4 g6 36. Ra6 gxf5 37. Bxf5 Rd1+ 38. Kc2 Rd2+ 39. Kb3 Rb2+ 40.
Ka3 Kg7 41. Bxe6 fxe6 42. Rxe6 Rf2 43. Rc6 Rxf3 44. Kb3 Re3 45. b5 f3 46. Rc4
Be5  0-1

[Event "8th ITLukavac 2019"]
[Site "Lukavac, hotel Lukavac"]
[Date "2019.11.24"]
[Round "4"]
[Board "9"]
[White "Trkulja, Goran"]
[Black "Barisic, Predrag"]
[Result "1-0"]
[WhiteElo "2298"]
[BlackElo "2045"]
[PlyCount "57"]
[EventDate "2019.11.22"]
[EventRounds "7"]
[EventCountry "BIH"]

1. Nf3 d5 2. c4 e6 3. d4 Nf6 4. g3 Bb4+ 5. Nbd2 O-O 6. Bg2 c5 7. cxd5 exd5 8.
dxc5 Nc6 9. O-O Bxc5 10. Nb3 Be7 11. Nfd4 Qb6 12. Be3 Qa6 13. a4 Nxd4 14. Nxd4
Bd7 15. Qb3 Rad8 16. Nb5 Be6 17. Bd4 Rd7 18. Rfc1 Ne8 19. Bxa7 b6 20. Bb8 Bc5
21. Be5 d4 22. Qd3 f6 23. Bf4 Bf7 24. Be4 g6 25. Bd2 f5 26. Bc6 Re7 27. b4 Qc8
28. Bxe8 Rfxe8 29. bxc5  1-0

[Event "8th ITLukavac 2019"]
[Site "Lukavac, hotel Lukavac"]
[Date "2019.11.24"]
[Round "4"]
[Board "10"]
[White "Mahmutbegovic, Muharem"]
[Black "Mrndjic, Muamer"]
[Result "0-1"]
[WhiteElo "2042"]
[BlackElo "2224"]
[PlyCount "88"]
[EventDate "2019.11.22"]
[EventRounds "7"]
[EventCountry "BIH"]

1. e4 Nc6 2. d4 Nf6 3. e5 Ne4 4. Bd3 d5 5. Ne2 h6 6. h4 Bf5 7. f3 Nb4 8. fxe4
dxe4 9. Bb5+ c6 10. Ba4 Qa5 11. Nbc3 O-O-O 12. O-O e6 13. a3 Nd5 14. b4 Qb6 15.
Nxd5 cxd5 16. Be3 Be7 17. Ng3 g6 18. Nxf5 gxf5 19. g3 Rdg8 20. Kh2 Rg4 21. Qe1
Rhg8 22. Bf4 Bg5 23. hxg5 hxg5 24. Qc3+ Kb8 25. Qc5 gxf4 26. Rxf4 Rxg3 27. Qxb6
axb6 28. Re1 Rg2+ 29. Kh1 Rd2 30. Re3 Rxd4 31. Rh4 Rd2 32. c3 Rf2 33. Rh7 f4
34. Re1 Rf3 35. Kh2 Rf2+ 36. Kh1 f3 37. Bb5 Rg5 38. a4 Rxe5 39. Rg1 Rf5 40.
Rg8+ Kc7 41. Rgg7 Kd6 42. Rxf7 e3 43. Kg1 Rg5+ 44. Kh1 e2  0-1

[Event "8th ITLukavac 2019"]
[Site "Lukavac, hotel Lukavac"]
[Date "2019.11.24"]
[Round "4"]
[Board "11"]
[White "Lipovcic, Marko"]
[Black "Janjic, Nikola"]
[Result "1/2-1/2"]
[WhiteElo "2167"]
[BlackElo "1896"]
[PlyCount "68"]
[EventDate "2019.11.22"]
[EventRounds "7"]
[EventCountry "BIH"]

1. c4 c5 2. Nc3 Nc6 3. Nf3 g6 4. g3 Bg7 5. Bg2 e6 6. O-O Nge7 7. a3 O-O 8. d3
d5 9. cxd5 Nxd5 10. Bd2 b6 11. Qa4 Bb7 12. Rfc1 Qe7 13. Rab1 Nd4 14. Nxd4 Bxd4
15. Nxd5 Bxd5 16. Bxd5 exd5 17. e3 Be5 18. b4 Rfc8 19. bxc5 bxc5 20. Qa6 c4 21.
dxc4 Rxc4 22. Rxc4 dxc4 23. Qxc4 Qxa3 24. Qe4 Rb8 25. Rxb8+ Bxb8 26. Qa8 Qf8
27. Bc3 Qd8 28. Bd4 a5 29. Qc6 Bc7 30. Bf6 Qd6 31. Qe8+ Qf8 32. Qd7 Bd6 33. h4
h5 34. e4 Qb8  1/2-1/2

[Event "8th ITLukavac 2019"]
[Site "Lukavac, hotel Lukavac"]
[Date "2019.11.24"]
[Round "4"]
[Board "12"]
[White "Pasalic, Adnan"]
[Black "Terzic, Ilijas"]
[Result "1/2-1/2"]
[WhiteElo "2029"]
[BlackElo "2120"]
[PlyCount "108"]
[EventDate "2019.11.22"]
[EventRounds "7"]
[EventCountry "BIH"]

1. d4 Nf6 2. c4 e6 3. Nf3 d5 4. Nc3 Bb4 5. Bg5 h6 6. Bh4 c5 7. a3 Bxc3+ 8. bxc3
Qa5 9. Qb3 Ne4 10. Qb5+ Nc6 11. Qxa5 Nxa5 12. cxd5 exd5 13. e3 c4 14. Rc1 Bf5
15. Kd1 Nb3 16. Rc2 Nd6 17. Rb2 Ne4 18. Rc2 g5 19. Bg3 h5 20. h4 g4 21. Ng1
Nxg3 22. fxg3 Bxc2+ 23. Kxc2 Kd7 24. e4 dxe4 25. Bxc4 Na5 26. Bd5 f5 27. Ne2
Kd6 28. Nf4 Rac8 29. Be6 Rcf8 30. Rb1 a6 31. c4 Rh7 32. c5+ Kc7 33. d5 Kb8 34.
Kc3 b5 35. Ng6 Rf6 36. Ne5 Rxe6 37. dxe6 Re7 38. Kd4 Rxe6 39. a4 Kc7 40. axb5
axb5 41. Rxb5 Nc6+ 42. Nxc6 Kxc6 43. Rb6+ Kd7 44. Rb3 Kc6 45. Rb6+ Kd7 46. Rb3
Kc6 47. Rc3 Re8 48. Ke3 Kd5 49. c6 Rc8 50. c7 Kd6 51. Kf4 Rxc7 52. Ra3 Rc5 53.
Ra6+ Rc6 54. Ra5 Rc5  1/2-1/2

[Event "8th ITLukavac 2019"]
[Site "Lukavac, hotel Lukavac"]
[Date "2019.11.24"]
[Round "4"]
[Board "13"]
[White "Imamovic, Samir"]
[Black "Markovic, Dino"]
[Result "1/2-1/2"]
[WhiteElo "1954"]
[BlackElo "2119"]
[PlyCount "35"]
[EventDate "2019.11.22"]
[EventRounds "7"]
[EventCountry "BIH"]

1. e4 e6 2. Nf3 d5 3. exd5 exd5 4. d4 Bd6 5. Be2 Ne7 6. b3 Bf5 7. Ba3 c6 8.
Bxd6 Qxd6 9. c3 Nd7 10. O-O f6 11. Nh4 O-O-O 12. Nxf5 Nxf5 13. Bg4 Ne7 14. Qf3
h5 15. Bxd7+ Qxd7 16. Nd2 Nf5 17. Rfe1 g5 18. Re2  1/2-1/2

[Event "8th ITLukavac 2019"]
[Site "Lukavac, hotel Lukavac"]
[Date "2019.11.24"]
[Round "4"]
[Board "14"]
[White "Tonkovic, Robert"]
[Black "Mulic, Sulejman"]
[Result "1-0"]
[WhiteElo "2118"]
[BlackElo "1892"]
[PlyCount "51"]
[EventDate "2019.11.22"]
[EventRounds "7"]
[EventCountry "BIH"]

1. e4 e6 2. d3 d5 3. Nd2 c5 4. Ngf3 Nc6 5. g3 Nf6 6. Bg2 Be7 7. O-O O-O 8. e5
Nd7 9. Re1 f6 10. exf6 Rxf6 11. Nf1 h6 12. h4 Nf8 13. N1h2 Qe8 14. Ng4 Rg6 15.
Nfe5 Nxe5 16. Nxe5 Rf6 17. c4 d4 18. Bf4 h5 19. Bf3 g6 20. Be4 Bd6 21. Nxg6
Nxg6 22. Bxd6 e5 23. Bxc5 Bg4 24. Qd2 Kg7 25. Qg5 Qe6 26. Bxg6  1-0

[Event "8th ITLukavac 2019"]
[Site "Lukavac, hotel Lukavac"]
[Date "2019.11.24"]
[Round "4"]
[Board "15"]
[White "Culum, Sanjin"]
[Black "Katkic, Amel"]
[Result "0-1"]
[WhiteElo "1931"]
[BlackElo "2105"]
[PlyCount "132"]
[EventDate "2019.11.22"]
[EventRounds "7"]
[EventCountry "BIH"]

1. e4 e6 2. d4 d5 3. Nc3 Bb4 4. e5 a6 5. Qg4 Kf8 6. a3 Be7 7. b4 b6 8. Be3 c5
9. Rb1 cxd4 10. Qxd4 Nc6 11. Qxb6 Qxb6 12. Bxb6 Nxe5 13. f4 Nd7 14. Bd4 Nh6 15.
Bd3 Ng4 16. Nf3 Bf6 17. h3 Ne3 18. Kf2 Nc4 19. Bxc4 dxc4 20. Rhd1 Bb7 21. Bxf6
Nxf6 22. Rd4 Ke7 23. Rbd1 Bxf3 24. Kxf3 Rhc8 25. g4 Rc7 26. g5 Nd7 27. Na4 Rb8
28. Rd6 a5 29. c3 axb4 30. axb4 Ra7 31. Ke3 Rb5 32. Nb2 Nb6 33. Rc6 Nd5+ 34.
Kd4 Nxf4 35. Kxc4 Rxg5 36. b5 Nd5 37. b6 Rb7 38. Rxd5 Rxd5 39. Na4 Kd7 40. Rc5
Rxc5+ 41. Nxc5+ Kc6 42. Nxb7 Kxb7 43. Kb5 f5 44. c4 f4 45. c5 f3 46. c6+ Kb8
47. b7 Kc7 48. Ka6 f2 49. Ka7 f1=Q 50. b8=Q+ Kxc6 51. Qb7+ Kd6 52. Qb6+ Ke7 53.
Qc5+ Ke8 54. Qc8+ Kf7 55. Qd7+ Kg8 56. Kb6 Qb1+ 57. Kc6 Qe4+ 58. Kb6 h6 59. Qe7
Qe3+ 60. Kc6 Qxh3 61. Kd7 Qf5 62. Ke8 Qb5+ 63. Kd8 Qb8+ 64. Kd7 Qb7+ 65. Ke8
Qxe7+ 66. Kxe7 h5  0-1

[Event "8th ITLukavac 2019"]
[Site "Lukavac, hotel Lukavac"]
[Date "2019.11.24"]
[Round "4"]
[Board "16"]
[White "Habibovic, Hazim"]
[Black "Coric, Ahmed"]
[Result "0-1"]
[WhiteElo "1854"]
[BlackElo "2104"]
[PlyCount "40"]
[EventDate "2019.11.22"]
[EventRounds "7"]
[EventCountry "BIH"]

1. Nf3 Nf6 2. g3 d5 3. Bg2 g6 4. O-O Bg7 5. d4 O-O 6. c3 c5 7. dxc5 Nc6 8. Nd4
e5 9. Nxc6 bxc6 10. Bg5 Ba6 11. Re1 Rb8 12. b4 h6 13. Bd2 Ne4 14. a3 f5 15. Bf1
f4 16. f3 fxg3 17. fxe4 Qh4 18. h3 Rxf1+ 19. Rxf1 Qxh3 20. Rf2 gxf2+  0-1

[Event "8th ITLukavac 2019"]
[Site "Lukavac, hotel Lukavac"]
[Date "2019.11.24"]
[Round "4"]
[Board "17"]
[White "Hankic, Ramiz"]
[Black "Bajramovic, Halid"]
[Result "0-1"]
[WhiteElo "1620"]
[BlackElo "2066"]
[PlyCount "132"]
[EventDate "2019.11.22"]
[EventRounds "7"]
[EventCountry "BIH"]

1. Nf3 c5 2. e4 d6 3. c3 Nf6 4. d3 g6 5. Bg5 Bg7 6. Qd2 Qb6 7. Be2 O-O 8. Na3
Be6 9. O-O Re8 10. h3 Nbd7 11. Be3 Nf8 12. Qc2 Qc6 13. Nd2 b5 14. Bf3 d5 15.
Nb3 c4 16. Nd4 Qb7 17. exd5 Bxd5 18. dxc4 Bxf3 19. Nxf3 bxc4 20. Nxc4 Nd5 21.
Bd4 f6 22. Qb3 Rab8 23. Ncd2 Qd7 24. Qa3 e5 25. Bc5 Ne6 26. Nb3 Rec8 27. Rfd1
Qc6 28. Bb4 Nef4 29. Rd2 Nxb4 30. cxb4 Nxh3+ 31. Kh2 Nf4 32. Qxa7 Rb7 33. Qc5
Qe8 34. Qe3 Rxb4 35. g3 Ne6 36. Rad1 Ra8 37. a3 Rb5 38. Nc1 f5 39. b4 e4 40.
Ne1 Rb7 41. Qb3 Kh8 42. Ne2 g5 43. Qd5 Rf7 44. Nc2 Nc7 45. Qb3 f4 46. Ned4 Rf6
47. g4 Rh6+ 48. Kg2 Rh4 49. f3 e3 50. Re2 Rh6 51. Nf5 Rg6 52. Rh1 Rd8 53. Qc4
Qb5 54. Qxb5 Nxb5 55. Ncxe3 fxe3 56. a4 Nc3 57. Rxe3 Nxa4 58. Rhe1 Bc3 59. Rb1
Rgg8 60. Re7 Rge8 61. Ra7 Rd2+ 62. Kh3 Be5 63. Rh1 Nc3 64. Ng3 Bxg3 65. Kxg3
Ne2+ 66. Kf2 Nf4+  0-1

[Event "8th ITLukavac 2019"]
[Site "Lukavac, hotel Lukavac"]
[Date "2019.11.24"]
[Round "4"]
[Board "19"]
[White "Zenelaj, Fisnik"]
[Black "Acimovic, Radivoje"]
[Result "0-1"]
[WhiteElo "1901"]
[BlackElo "2077"]
[PlyCount "74"]
[EventDate "2019.11.22"]
[EventRounds "7"]
[EventCountry "BIH"]

1. d4 Nf6 2. c4 g6 3. Nc3 Bg7 4. Nf3 O-O 5. e4 d6 6. Be2 e5 7. d5 c6 8. Bg5 Na6
9. Qd2 cxd5 10. cxd5 Nc5 11. Bxf6 Bxf6 12. b4 Nd7 13. O-O a6 14. a4 Bg7 15.
Rac1 f5 16. Ng5 Bh6 17. h4 Nf6 18. Bf3 Qe7 19. Rfe1 Bd7 20. b5 axb5 21. axb5
Ra3 22. Qb2 Rfa8 23. b6 fxe4 24. Ncxe4 Nxe4 25. Rc7 Bxg5 26. Rxe4 Ra1+ 27. Kh2
Bf4+ 28. Rxf4 exf4 29. Bg4 Qxh4+ 30. Bh3 R1a2 31. Qc3 Rd8 32. Rxd7 Rxd7 33.
Qc8+ Rd8 34. Qxb7 Rxf2 35. Qa6 f3 36. Kg1 Rxg2+ 37. Bxg2 Qg3  0-1

[Event "8th ITLukavac 2019"]
[Site "Lukavac, hotel Lukavac"]
[Date "2019.11.24"]
[Round "4"]
[Board "20"]
[White "Mahmutbegovic, Midhat"]
[Black "Imamovic, Smajl"]
[Result "0-1"]
[WhiteElo "2031"]
[BlackElo "1890"]
[PlyCount "58"]
[EventDate "2019.11.22"]
[EventRounds "7"]
[EventCountry "BIH"]

1. e4 e5 2. Nf3 Nc6 3. Bb5 Bc5 4. O-O Nge7 5. c3 O-O 6. d4 exd4 7. cxd4 Bb6 8.
h3 d6 9. Nc3 a6 10. Bc4 Na5 11. Bd3 d5 12. exd5 Nxd5 13. Re1 Nc6 14. Nxd5 Qxd5
15. Be4 Qd6 16. Be3 Ne7 17. Qb3 h6 18. Rad1 Nf5 19. Bd2 a5 20. Bc3 Qd7 21. Ne5
Qd8 22. Bd5 Nd6 23. Re3 a4 24. Qa3 Nf5 25. Bxf7+ Rxf7 26. Nxf7 Kxf7 27. Rf3 Kg8
28. d5 Bd7 29. Re1 Qg5  0-1

[Event "8th ITLukavac 2019"]
[Site "Lukavac, hotel Lukavac"]
[Date "2019.11.24"]
[Round "4"]
[Board "21"]
[White "Savic, Milorad"]
[Black "Muhibic, Cazim"]
[Result "1/2-1/2"]
[WhiteElo "2005"]
[BlackElo "1830"]
[PlyCount "119"]
[EventDate "2019.11.22"]
[EventRounds "7"]
[EventCountry "BIH"]

1. e4 e6 2. d4 d5 3. e5 c5 4. c3 Nc6 5. Nf3 Qb6 6. b3 cxd4 7. cxd4 Bb4+ 8. Bd2
Nxd4 9. Nc3 Nxf3+ 10. Qxf3 Bd7 11. Be2 Qd4 12. a3 Ba5 13. b4 Bc7 14. Rd1 Qxe5
15. g3 Qf6 16. Nb5 Bb8 17. Qe3 Qe7 18. Bc3 Nf6 19. Bd4 b6 20. Rc1 O-O 21. Nc7
Bxc7 22. Rxc7 Ne8 23. Rb7 Nd6 24. Rc7 Rfc8 25. Rxc8+ Rxc8 26. Bd3 Nc4 27. Bxc4
Rxc4 28. O-O f6 29. Re1 Qf7 30. Rd1 Qh5 31. Rc1 Qf5 32. Rxc4 dxc4 33. Bc3 Qd5
34. Qd4 Qxd4 35. Bxd4 e5 36. Be3 Kf7 37. Kf1 Ke6 38. Ke2 Kd5 39. Kd2 Bf5 40. a4
Bd7 41. b5 Bg4 42. Kc3 Bd1 43. a5 bxa5 44. Bxa7 a4 45. Be3 a3 46. b6 Kc6 47. f4
exf4 48. gxf4 Bb3 49. Kb4 a2 50. Bd4 g5 51. fxg5 fxg5 52. Ka3 h5 53. Kb2 g4 54.
Kc1 c3 55. Bxc3 Kxb6 56. Kb2 Bf7 57. Be5 Kc6 58. Bb8 Kd5 59. Ka1 Ke4 60. Bc7
 1/2-1/2

[Event "8th ITLukavac 2019"]
[Site "Lukavac, hotel Lukavac"]
[Date "2019.11.24"]
[Round "4"]
[Board "22"]
[White "Pleh, Semir"]
[Black "Mahmutbegovic, Nadina"]
[Result "1-0"]
[WhiteElo "1815"]
[BlackElo "1983"]
[PlyCount "101"]
[EventDate "2019.11.22"]
[EventRounds "7"]
[EventCountry "BIH"]

1. c4 e5 2. g3 Nf6 3. Bg2 d5 4. cxd5 Nxd5 5. Nc3 Be6 6. d3 Nc6 7. Nf3 Be7 8.
O-O O-O 9. a3 a5 10. Qc2 Nxc3 11. bxc3 a4 12. c4 f5 13. Bb2 Bf6 14. Rab1 Qe8
15. Bc1 Bc8 16. Be3 Qe7 17. Bc1 g5 18. e3 g4 19. Ne1 h5 20. Bb2 h4 21. Qd2 Qh7
22. Nc2 Kg7 23. Bxc6 bxc6 24. f4 exf4 25. Bxf6+ Rxf6 26. exf4 hxg3 27. hxg3 Rh6
28. Qg2 Bd7 29. Rfe1 Kf7 30. Ne3 Rh8 31. Nf1 Qg7 32. Qb2 Rh1+ 33. Kg2 Qxb2+ 34.
Rxb2 c5 35. Rbe2 Bc6+ 36. Kf2 R1h6 37. Re7+ Kf8 38. R7e5 Rd6 39. Rxf5+ Kg7 40.
Re7+ Kg6 41. Rxc5 Rb8 42. Re3 Rb2+ 43. Kg1 Rg2+ 44. Kh1 Ra2+ 45. Kg1 Rxa3 46.
Nh2 Ra1+ 47. Kf2 Ra2+ 48. Re2 Rxe2+ 49. Kxe2 Re6+ 50. Kd2 Bf3 51. f5+  1-0

[Event "8th ITLukavac 2019"]
[Site "Lukavac, hotel Lukavac"]
[Date "2019.11.24"]
[Round "4"]
[Board "23"]
[White "Softic, Kasim"]
[Black "Pestek, Elvis"]
[Result "1/2-1/2"]
[WhiteElo "1813"]
[BlackElo "1972"]
[PlyCount "27"]
[EventDate "2019.11.22"]
[EventRounds "7"]
[EventCountry "BIH"]

1. e4 e6 2. d4 d5 3. exd5 exd5 4. Nf3 Bd6 5. Be3 Ne7 6. Bd3 Nbc6 7. a3 Be6 8.
Nc3 a6 9. Qd2 f6 10. h3 Qd7 11. Qe2 O-O 12. Nh4 Rae8 13. O-O-O b5 14. Nb1
 1/2-1/2